Kleinian groups which are limits of geometrically finile groups
Αποθηκεύτηκε σε:
| Κύριος συγγραφέας: | |
|---|---|
| Μορφή: | Βιβλίο |
| Γλώσσα: | English |
| Δημοσίευση: |
Providence, R.I. :
American Mathematical Society,
2005.
|
| Σειρά: | Memoirs of the American Mathematical Society ;
834 |
| Θέματα: | |
| Ετικέτες: |
Προσθήκη ετικέτας
Δεν υπάρχουν, Καταχωρήστε ετικέτα πρώτοι!
|
MARC
| LEADER | 00000cam a2200000 i 4500 | ||
|---|---|---|---|
| 001 | 1/60033 | ||
| 008 | 071023s2005 riu| ||| |||| ||eng|| | ||
| 020 | |a 0821837729 | ||
| 035 | |l 10091759 | ||
| 040 | |a GR-MyUA |b gre |e AACR2 | ||
| 041 | 0 | |a eng | |
| 082 | 0 | |a 514.22 |2 (22) | |
| 100 | 1 | |a Oshika, Ken'ichi, |d 1961- | |
| 245 | 1 | 0 | |a Kleinian groups which are limits of geometrically finile groups / |c Ken'ichi Ohshika. |
| 260 | |a Providence, R.I. : |b American Mathematical Society, |c 2005. | ||
| 300 | |a xii, 116 σ. : |b εικ. ; |c 26 εκ. | ||
| 490 | 1 | |a (Memoirs of the American Mathematical Society |v ; 834) | |
| 504 | |a Περιλαμβάνει βιβλιογραφικές παραπομπές (σ. 111-113) και ευρετήριο. | ||
| 650 | 0 | 0 | |a Kleinian groups. |
| 650 | 0 | 0 | |a Low-dimensional topology. |
| 650 | 0 | 0 | |a Geometry, Hyperbolic. |
| 830 | 0 | |a Memoirs of the American Mathematical Society ; |v 834 | |
| 852 | |a INST |b SAMOS |e 20071023 |h 514.22 OSH |p 005300028045 |q 005300028045 |t BK |y 0 | ||
| 901 | |a BIBL3-2007-3 | ||
| 909 | |a Σ |b 139385 | ||
| 922 | |a 3ΕΛΗ |b 200709 |c ΕΠΕΑΕΚ2/ΤΜΗΜΑ ΜΑΘΗΜΑΤΙΚΩΝ |d ΠΑΠΑΣΩΤΗΡΙΟΥ | ||
| 970 | |a ΣΙΤΖΙΜΗ |b ΓΙΑΣΕΜΗ |z 2007/10/23 | ||